| 000 | 00451nam a22001577a 4500 | ||
|---|---|---|---|
| 003 | OSt | ||
| 005 | 20140311163159.0 | ||
| 008 | 140227t xxu||||| |||| 00| 0 eng d | ||
| 050 |
_aLB 1590.5 _b.P27 1995 |
||
| 100 |
_aPaul, Richard _930762 |
||
| 245 |
_aThe art of redesigning instruction / _cRichard Paul. |
||
| 260 |
_aSanta Rosa, CA : _bFoundation for Critical Thinking, _c1995. |
||
| 300 |
_a28 cm. _c32 cm. |
||
| 942 |
_2lcc _cBK-TR |
||
| 999 |
_c42457 _d42457 |
||